Every Deco*27 Song - Statistics

General Stats
  • This quiz has been taken 14 times
    3 since last reset
  • The average score is 22 of 53
Answer Stats
Song % Correct
Aitai-lians
100%
Animal
100%
Monitoring
100%
Monitoring (best friend remix)
100%
Sad Girl Sex
100%
Telepathy
100%
The Vampire
100%
Cherry Pop
67%
Cinderella
67%
Hao
67%
Love Words IV
67%
Mozaik Role
67%
Needle
67%
Parasite
67%
Rabbit Hole
67%
Rookie
67%
Salamander
67%
Stuckmoth
67%
39
33%
Blue Planet
33%
Chimera
33%
Crime and Punishment
33%
Fire Dance
33%
FUN!!
33%
Fusion
33%
Hello, SEKAI!
33%
Journey
33%
Mannequin
33%
Marshmallow
33%
Neverland
33%
(Not) a Devil
33%
Poison Apple
33%
Positive Parade
33%
Sekai
33%
Smile*Symphony
33%
SToRY
33%
Undead Alice
33%
Volt Tackle
33%
Yumeyume
33%
Zombies
33%
Ai Kotoba V
0%
Choberi Good Time
0%
Cosmic Rendezvous
0%
Ego Mama/Love Distance Long Affair
0%
Heart Impulse
0%
Light Lag
0%
Neo-Neon
0%
Rhytm
0%
Stickybug II
0%
The Light That Dwells Here
0%
Theory Of Negativity
0%
Undercover
0%
Yowamushi Mont Blanc (Reloaded)
0%
No matching quizzes found
Score Distribution
Percent of People with Each Score
Percentile by Number Answered
Your Score History
You have not taken this quiz since the last reset